Songs by Artist Click Quiz #1 - Statistics

General Stats
  • This quiz has been taken 529 times
  • The average score is 22 of 30
Answer Stats
Hint Answer % Correct
Poker Face Lady Gaga
93%
Beat It Michael Jackson
93%
Bohemian Rhapsody Queen
93%
We Are the Champions Queen
93%
We Will Rock You Queen
93%
...Baby One More Time Britney Spears
92%
Billie Jean Michael Jackson
92%
Bad Romance Lady Gaga
90%
Toxic Britney Spears
89%
Hey Jude The Beatles
89%
Yesterday The Beatles
85%
Let It Be The Beatles
85%
Paparazzi Lady Gaga
84%
Another Brick in the Wall Pink Floyd
83%
Black or White Michael Jackson
81%
Born This Way Lady Gaga
80%
Comfortably Numb Pink Floyd
78%
Strawberry Fields Forever The Beatles
72%
Radio Ga Ga Queen
70%
The Show Must Go On Queen
69%
Telephone Lady Gaga
68%
Wish You Were Here Pink Floyd
62%
Earth Song Michael Jackson
58%
You Are Not Alone Michael Jackson
53%
Money Pink Floyd
52%
Shine On You Crazy Diamond Pink Floyd
51%
Hold It Against Me Britney Spears
44%
Something The Beatles
38%
I Wanna Go Britney Spears
35%
Till the World Ends Britney Spears
26%
No matching quizzes found
Score Distribution
Percent of People with Each Score
Percentile by Number Answered
Your Score History
You have not taken this quiz